Игнатьев А. П.

Доступно только в Электронных читальных залах Найти на картеНа карте
RUSMARC
00003854nmc2a22002771x 450
001ce2ce2fe-7eec-44aa-a40f-802ea2a32b4f
00520131123234005.0
100##$a20130717l19061916k y0rusy50 ca
1010#$arus
102##$aRU
105##$ay z |||||
2001#$aИгнатьев А. П.
$j1905-1916
215##$a29 листов
$cмарки
251##$cДело
300##$aЗаголовок дела на папке: Письма Игнатьева А. П. Никольскому Б. В.
300##$aЛисты - 3, 7, 10, 17, 24 (марка), 27 (2 марки): конверты
300##$aРукописный текст
330##$aА. Переписка; 1. Письма к Б. В. Никольскому; (Геерлингер И., Мичерлинг А. А.) см. № 495
461#0$10011c5950b4-9b17-43ad-92f1-e565a07ae223
$12001
$aНикольский Борис Владимирович, историк права, профессор Юрьевского и Петербургского университетов, один из руководителей главного совета "Русского собрания", поэт, критик
$1251
$cФонд
$1852
$j588
462#0$1001855f2cb0-80f8-42f6-88fa-41bf4837b2b7
$12001
$aНикольский Борис Владимирович. 1837-1919 гг.
$1251
$cОпись
$1852
$j1
517##$aПисьма Игнатьева А. П. Никольскому Б. В.
600#1$aНикольский
$bБ. В.
$gБорис Владимирович
600#1$aИгнатьев
$bА. П.
801#0$aRU
$bGA_RF
801#1$aRU
$bНПО Опыт
$c20130717
$2rusmarc
801#2$aRU
$bПБ им. Б.Н. Ельцина
$c20131123
$gRCR
$2rusmarc
852##$aГА РФ
$j323
937##$d42015343
$hПБ
035##$aRuPRLIB51009532
Формат отображения